00778nam a2200193 a 4500008004100000020001800041050001700059100002400076245023800100260004800338300003500386490003700421650001400458650003700472650001700509650001400526700002000540700002400560200710s2019 ||||||||||||||||| || u a9781108471596 aQB 1. I6 Int aValls-Gabaud, David10aUnder one sky : the IAU Centenary Symposium : proceedings of the 349th Symposium of the International Astronomical Union held in Vienna, Austria 28-31 August, 2018cEdited by Christiaan Sterken, John Hearnshaw and David Vallsi Gabaud aCambridgebCambridge University Pressc2019 axii, 542 pages : illustrations aIAU Symposium proceedings series aASTRONOMY aINTERNATIONAL ASTRONOMICAL UNION aASTROPHYSICS aCOSMOLOGY aHearnshaw, John aSterken, Christiaan